|
|
|
|
| LEADER |
00687nam a2200157Ia 4500 |
| 008 |
121027s9999 xx 000 0 eng d |
| 020 |
|
|
|a 8185753970
|
| 082 |
|
|
|a 181.4
|b KAN/A
|
| 100 |
|
|
|a Kaunugo, Kalpataru
|
| 245 |
|
|
|a Ancient philosophy and modern science: an enquiry into conceptual links /
|
| 260 |
|
|
|a Delhi:
|b Pencraft International,
|c 2009.
|
| 300 |
|
|
|a 200p.
|
| 505 |
|
|
|a CONTENTS 1.Impact of vedic teachings on Hindu society 2.Analysis of vedic thoughts 3.Cognition 4.Human individuality
|
| 653 |
|
|
|a <Science - Philosophy>
|
| 999 |
|
|
|c 70070
|d 70070
|
| 952 |
|
|
|0 0
|1 0
|4 0
|6 181_400000000000000_KAN_A
|7 0
|9 70047
|a UL
|b UL
|c ST1
|d 2012-10-27
|l 1
|o 181.4 KAN/A
|p G9883
|r 2013-10-31
|s 2013-10-11
|w 2012-10-27
|y BK
|